Business Studies Today (Record no. 2230)
[ view plain ]
| 000 -LEADER | |
|---|---|
| fixed length control field | 01668cam a22002054a 4500 |
| 005 - ΗΜΕΡΟΜΗΝΙΑ ΚΑΙ ΩΡΑ ΤΕΛΕΥΤΑΙΑΣ ΕΝΗΜΕΡΩΣΗΣ | |
| Πεδίο ελέγχου | 20250605164034.0 |
| 008 - FIXED-LENGTH DATA ELEMENTS--GENERAL INFORMATION | |
| Πεδίο ελέγχου σταθερού μήκους | 250528s ||||||||||||||||||||||||d |
| 035 ## - SYSTEM CONTROL NUMBER | |
| System control number | 16762 |
| 020 ## - ISBN | |
| ISBN | 521376327 |
| 040 ## - ΠΗΓΗ ΚΑΤΑΛΟΓΟΓΡΑΦΗΣΗΣ | |
| Φορέας πρωτότυπης καταλογογράφησης | MC Athens Campus Library |
| Γλώσσα καταλογογράφησης | Ελληνικά, Μοντέρνα (1453-) |
| Modifying agency | MC Athens Campus Library |
| Κανόνες περιγραφικής καταλογογράφησης | AACR2 |
| 245 1# - ΤΙΤΛΟΣ ΚΑΙ ΔΗΛΩΣΗ ΥΠΕΥΘΥΝΟΤΗΤΑΣ | |
| Τίτλος | Business Studies Today |
| 260 ## - PUBLICATION, DISTRIBUTION, ETC. | |
| Name of publisher, distributor, etc. | Cambridge University Press, |
| Date of publication, distribution, etc. | 1991 |
| 300 ## - PHYSICAL DESCRIPTION | |
| Extent | 258 |
| 520 ## - SUMMARY, ETC. | |
| Summary, etc. | This text provides detailed knowledge about business and encourages the development of practical business skills through: realistic case studies, structured tasks, coursework assignments. Acknowledgements, The Structure and Organization of Business, The Background to Business Activity, The Structure of Business in the UK, The Organization and Management of Business, Communication in Business, Working in Business, Motivation and Fulfilment at Work, The Personnel Function: Selection and Recruitment, The Personnel Function: Training and Development, The Personnel Function: Wages and Salaries Administration, The Personnel Function: Industrial Relations, Producting and Selling, The Location and Scale of Production, Costs and Revenues and Brweak-Even Analysis, Prices and Pricing Policy, Market Research and Product Development, Advertising and Distribution and Customer Relations, The Marketing Mix and Product Life Cycle, Financing Business Activity, Financial Accounting and Financial Control, The Finance of Trading Activities, The Capital Financing of Business, External Influences on Business Behavior, The Business Environment and the Interests of the Community, Index. |
| 700 1# - ΠΡΟΣΘΕΤΗ ΑΝΑΓΡΑΦΗ--ΦΥΣΙΚΟ ΠΡΟΣΩΠΟ | |
| Personal name | Richards John |
| 9 (RLIN) | 2853 |
| 700 1# - ΠΡΟΣΘΕΤΗ ΑΝΑΓΡΑΦΗ--ΦΥΣΙΚΟ ΠΡΟΣΩΠΟ | |
| Personal name | Ryan John |
| 9 (RLIN) | 2854 |
| 942 ## - ADDED ENTRY ELEMENTS (KOHA) | |
| Koha item type | Books |
| Τύπος τεκμηρίου | Βιβλιοθήκη | Τρέχουσα τοποθεσία | Barcode | Αριθμός εισαγωγής | Ημερομηνία απόκτησης | Ταξιθετικό σύμβολο | Αριθμός αντιτύπου | Κατάσταση απόσυρσης | Κατάσταση χαμένου | Κατάσταση κατεστραμμένου | Μη δανεισμός | Σύνολο δανεισμών | Ημερομηνία τελευταίας εμφάνισης | Η τιμή ισχύει από |
|---|---|---|---|---|---|---|---|---|---|---|---|---|---|---|
| Books | MC Athens Campus Library | MC Athens Campus Library | 9780000022295 | 4991 | 05/06/2025 | 658 RYA | 1 | 05/06/2025 | 05/06/2025 |